000 00661nab a2200193 4500
001 244442
003 OSt
005 20231017115248.0
007 tu
008 200917s2020|||||||
040 _aDE-2950
_cDE-2950
245 0 0 _aNeues Semester startet an der Viadrina
_bBildung. Das Wintersemester steht vor der Tür und neue Studierende erkunden die Stadt. Warum haben sie sich Frankfurt als Ort zum Studieren ausgesucht?/
_cVanessa Kasprick
264 _c2023
653 _aFrankfurt (Oder)
653 _aViadrina
653 _aSemesterbeginn
773 0 _g34. Jahrgang (2023) Nr. 238 vom 12.10.2023, S. 13, mit Foto
_tMärkische Oderzeitung
942 _2z
_cA
999 _c372767
_d372767